Stemmi Squadre Vincitrici UEFA Champions League - Morte improvvisa - Statistics

Statistiche generali
  • Questo quiz è stato fatto 922 volte
    336 dall'ultimo reset
  • Il punteggio medio è 14 su 23
Answers on the Grid
Answers color-coded by a green-red scale on the quiz's grid according to % correct below.
 
Statistiche sulle risposte
Risposta % Corretto
79%
79%
78%
77%
77%
77%
76%
75%
72%
72%
69%
60%
55%
53%
50%
50%
47%
45%
44%
44%
44%
40%
40%
Nessun quiz corrispondente trovato
Distribuzione punteggi
Percentuale di utenti per punteggio
Percentile per numero di risposta
I tuoi punteggi nel tempo
Non hai fatto questo quiz dall'ultimo reset